[Event "Moscow Tal Memorial 3rd"]
[Site "Moscow"]
[Date "2008.08.22"]
[Round "5"]
[White "Kamsky, Gata"]
[Black "Mamedyarov, Shakhriyar"]
[Result "0-1"]
[WhiteElo "2723"]
[BlackElo "2742"]
[Annotator "Kritz,L"]
[PlyCount "80"]
[EventDate "2008.08.18"]
[EventType "tourn"]
[EventRounds "9"]
[EventCountry "RUS"]
[EventCategory "20"]
[SourceTitle "CBM 126"]
[Source "ChessBase"]
[SourceDate "2008.10.01"]
[SourceVersion "1"]
[SourceVersionDate "2008.10.01"]
[SourceQuality "1"]

1. e4 {Ftacnik} c5 2. Nf3 e6 3. d4 cxd4 4. Nxd4 Nc6 5. Nc3 (5. Nb5 $5 {Eine
andere Methode gegen das Paulsen-System zu kämpfen besteht darin, in eine
Igelstellung zu kommen.} d6 6. c4 Nf6 7. N1c3 a6 8. Na3 b6 9. Be3 Bb7 10. Be2
Ne5 11. f3 Ned7 12. O-O Be7 13. Qd2 O-O 14. Rac1 Qc7 15. Rfd1 Rac8 $132 {
Das große Problem von Weiß ist hier der Springer a3. Schwarz hat genug Zeit,
um seine Figuren ideal zu platzieren. Deswegen ist diese Variante heutzutage
selten anzutreffen.}) 5... a6 {Ein sehr populäres System heutzutage. Auf diese
Weise verhindert Schwarz den weißen Aufbau mit der langen Rochade.} (5... Qc7
6. Be3 a6 7. Qd2 Nf6 8. O-O-O $1 Bb4 9. f3 {gilt als gut für Weiß.}) 6. Be2 (6.
Nxc6 $1 {Ist der prinzipiellste Zug.} bxc6 7. Bd3 Nf6 8. O-O d5 9. Qe2 $14 {
Weiß erreicht eine sehr solide Stellung, die zwar nicht leicht zu gewinnen ist,
aber sich sehr angenehm spielt - Schwarz hat kaum Gegenspiel, obwohl auch
keine Schwächen.}) 6... d6 7. O-O Nf6 8. Be3 Be7 9. f4 {Die Partie geht in
eine der klassischen Scheveningen Varianten über.} O-O 10. Qe1 (10. a4 {
ist ein anderer Hauptzug.} Qc7 11. Kh1 Re8 12. Bf3 {Die Theorie dieser
Variante ist sehr groß, in allen Varianten kommt es zu einem interessanten,
komplexen Spiel:} Bf8 (12... Rb8 13. g4 Nxd4 (13... Nd7 14. Bg2 b6 15. g5 Bb7
16. Nxc6 Bxc6 17. Qh5 Bf8 18. Bg1 g6 19. Qh3 Bg7 20. f5 exf5 21. exf5 Bxc3 22.
Qxc3 Bxg2+ 23. Kxg2 Qxc3 24. bxc3 Nc5 25. Bxc5 dxc5 26. fxg6 hxg6 27. Rae1 $11
{Jakovenko - Ivanchuk (Sochi, 2008)}) 14. Bxd4 e5 15. fxe5 dxe5 16. Ba7 Ra8 17.
g5 Rd8 18. Qe2 Ne8 19. Be3 $132) (12... Bd7 13. Nb3 b6 14. g4 Bc8 15. Bg2 Bb7
16. g5 Nd7 17. Rf3 Bf8 18. Rh3 g6 19. Qe1 Nb4 20. Qf2 Bg7 21. Rf1 Re7 22. Bd4
e5 23. fxe5 Bxe5 $132 {Jakovenko - Van Wely (Foros, 2008)}) 13. Qd2 (13. Nb3
Nd7 14. a5 b5 15. axb6 Nxb6 16. Be2 Bb7 17. Qd2 Red8 18. Rfd1 d5 $132 {
Alekseev - Ponomariov (Dagomys, 2008)}) 13... Rb8 14. Rfd1 (14. g4 Nd7 15. g5
Nxd4 16. Bxd4 b6 17. Bg2 Bb7 18. Rf2 e5 19. Be3 exf4 20. Bxf4 Ne5 $11 {Wang
Hao - Van Wely (Dagomys, 2008)}) 14... Na5 15. Qf2 Nc4 16. Bc1 e5 17. Nde2 exf4
18. Nxf4 Be6 19. b3 Ne5 20. Bb2 g6 21. Ncd5 Bxd5 22. Nxd5 Nxd5 23. Rxd5 Bg7 $11
{Ivanchuk - Van Wely (Dortmund, 2008)}) (10. Kh1 $5 {Wenn man die Variante mit
Qe1-Qg3 spielen will, sollte man die Züge 10.Kh1 Qc7 einschließen. Dann
erreicht man einen kleinen Vorteil. Den Unterschied sieht man später.} Qc7 11.
Qe1 Nxd4 12. Bxd4 b5 13. a3 Bb7 14. Qg3 $14 g6 $6 {Weil die Dame auf c7 steht,
ist der Punkt f6 geschwächt. Dies nutzt Weiß sofort aus:} 15. f5 $1 e5 16. Be3
Nxe4 17. Nxe4 Bxe4 18. f6 Bd8 19. Bf3 Bxf3 20. Rxf3 $16) 10... Nxd4 11. Bxd4 b5
12. a3 Bb7 13. Qg3 {Auf diese Weise verteidigt Weiß den Bauern e4.} g6 $1 {
Im Vergleich zu 10.Kh1 kann Weiß hier keinen Nutzen aus der Schwächung des
Feldes f6 ziehen.} 14. Bf3 (14. f5 e5 15. Be3 Nxe4 16. Nxe4 Bxe4 17. Bh6 Re8
18. Bf3 Bh4 19. Qh3 Bxf5 $19 {Solomon - Ganguly (Sydney, 2008)}) 14... a5 {
'!' Ftacnik. Ftacnik: 'The downside of the move 14.Bf3 is the fact that the
bishop is controlling the h5-square, but not the diagonal a6-f1. '} 15. b4 (15.
Nxb5 Nxe4 16. Qe1 f5 $1 ({Schlechter ist} 16... Qd7 17. c4 Nc5 18. Rd1 Rfc8 19.
Qe3 {Sutovsky - Van Wely (Dagomys, 2008). und Weiß kam zu gutem Spiel.}) 17.
Rd1 Qc8 18. Qe2 a4 19. c4 Rf7 20. Rc1 Bf8 21. Rfd1 Qe8 22. Bc3 Nxc3 23. Rxc3
Bxf3 24. Rxf3 d5 $132 {Svidler - Akopian (Groningen, 1996)}) 15... Rc8 16. Rad1
{Das ist ein neuer Zug, bis jetzt kam in der Praxis nur 16.Qf2 vor} (16. Qf2
Rc4 17. Rad1 axb4 18. axb4 Qc8 19. Bxf6 Bxf6 20. Nxb5 Rxc2 21. Qe3 Ba6 22. Nxd6
Qb8 23. b5 Bxb5 24. Nxb5 Qxb5 $11 {Bindrich - Balinov (Pulvermuehle, 2005)
Ftacnik: '1/2 Bindrich,F (2326)-Balinov,I (2372)/Pulvermuehle 2005/ (36)'})
16... axb4 17. axb4 {Ftacnik: 'Kamsky has managed to retain the pawn centre,
but the points b4 and c2 remain exposed.'} Rc4 $132 {Ich denke, Schwarz hat
zumindest gleiches Spiel, vielleicht steht er sogar etwas besser. Die Variante
10.Qe1 ist meiner Meinung nach nicht empfehlenswert.} (17... Rxc3 $5 18. Bxc3
Nxe4 19. Bxe4 Bxe4 20. Qf2 d5 21. Qd4 f6 $44 {ist sicherlich interessant, aber
Schwarz hat es gar nicht nötig - er steht nach 17....Rc4 ganz gut.}) 18. Kh1 {
Es ist immer praktisch, den König von der gefährlichen Diagonale zu verstecken.
} (18. Qf2 Rxb4 (18... Rxc3 $4 19. Bxc3 Nxe4 20. Bxe4 Bxe4 21. Qd4 $18) 19. Rb1
Rxb1 20. Rxb1 Qa8 21. Qe1 e5 22. fxe5 dxe5 23. Bxe5 b4 24. Bxf6 Bxf6 25. Nd5 {
'=' Ftacnik.} Be5 26. Rxb4 Re8 $36) 18... Nd7 (18... Rxb4 $6 {Ftacnik} 19. e5
Nd5 20. Nxd5 exd5 21. e6 $13) 19. Be2 Rxb4 20. Nxb5 {'?!' Ftacnik. Ftacnik:
'The combination that White has created as a solution is insufficient. On move
20 the choice of continuations was so rich, that it was truly possible to
choose a more promising line. '} (20. Bxb5 {Ftacnik} Bxe4 (20... Nf6 21. f5 $5
Nxe4 22. Nxe4 Rxb5 23. f6 Bxe4 24. Qh4 Bxg2+ 25. Kg1 (25. Kxg2 Qa8+ 26. Kg3 Rh5
$19) 25... Bxf1 26. fxe7 Qa8 (26... Qa5 27. exf8=Q+ Kxf8 28. Ra1 Rg5+ 29. Kxf1
Qb5+ $11) 27. Rxf1 Rb4 28. c3 Ra4 29. exf8=Q+ Qxf8 $11) 21. Nxe4 (21. Bxd7 Bxc2
22. Bb5 Bxd1 23. Rxd1 Bf6 24. Be5 dxe5 25. Rxd8 Rxd8 $19) 21... Rxb5 22. f5 (
22. c4 Rf5) 22... Rxf5 23. Rxf5 exf5 24. Nxd6 $15) (20. f5 {Ftacnik} e5 21. Be3
Nf6 22. Bh6 Nxe4 23. Nxe4 Bxe4 $13) (20. Qe1 $5 {Ftacnik} Rb2 21. Qd2 $13)
20... Bxe4 21. Bg7 $2 {Das führt zu einer kaum zu verteidigenden Stellung.
Eine bessere Alternative wäre 21.Bc3} (21. Bc3 Ra4 (21... Rxb5 22. Bxb5 Bxc2
23. Rd2 (23. Ra1 $11 {Ftacnik}) 23... Be4 24. Qe3 Nc5 25. Bd4 $11) 22. Nxd6
Bxc2 (22... Bxd6 {Ftacnik} 23. Rxd6 Qc7 24. Rd4 (24. f5 Ra3 25. fxg6 hxg6 26.
Rd3 Qxg3 27. Rxg3 Rc8 $17) (24. Rfd1 Ra3 25. Rxd7 Qc6 26. Qg5 Qxc3 $17) 24...
Rxd4 25. Bxd4 Qxc2 $15) 23. Rd2 Bxd6 24. Rxd6 Qc7 25. Rd4 Rfa8 26. Qe3 $44 {
Obwohl Schwarz etwas schlechter steht, hat er ausreichende Remischancen dank
seinem starken, schwarzfeldrigen Läufer.}) 21... Bxc2 (21... Kxg7 {bringt
Schwarz auch in Vorteil.} 22. Qc3+ Nf6 23. Qxb4 Bxc2 (23... d5 {Ftacnik} 24.
Qd4 $15) 24. Ra1 d5 25. Qd4 Qb8 $15) 22. Bxf8 Qxf8 {Ftacnik: 'The result of
the transaction is very positive for Mamedyarov. In return for the exchange he
has got the strong centre and active pieces. '} 23. Rd4 {Weiß kann nicht viel
versuchen - die schwarzen Bauern im Zentrum geben ihm keine Chancen, aktives
Spiel zu entwickeln.} (23. Rc1 Be4 24. Rc7 Nc5 $17 (24... Rxb5 {Ftacnik} 25.
Rxd7 (25. Bxb5 Qb8 26. Rfc1 Qxb5 27. Qe1 d5 $19) 25... Rc5 $17)) (23. Ra1 d5
24. Qc3 Be4 $15) 23... d5 (23... Rb3 $5 {wäre wohl noch stärker gewesen,
obwohl man natürlich die Stellung gerne vereinfachen möchte.} 24. Qe1 d5 {
'-/+' Ftacnik.} 25. Qd2 Bf5 $17 {Der Turm auf d4 wird zum Angriffsziel
schwarzer Figuren.}) 24. Rxb4 Bxb4 25. Rc1 Be4 (25... Qg7 {Ftacnik} 26. Bd1
Bxd1 27. Rxd1 Qb2 $17) 26. Rc7 (26. Bf3 {Ftacnik} Qb8 27. Bxe4 dxe4 28. Rb1 Bd2
29. Nc3 Qa8 $17) 26... Qd8 {Ftacnik: 'Black took something of a risk when he
agreed to swap his active rook. Despite that, his pieces are well coordinated
and White will have problems dealing with their threats. '} (26... Nf6 $1 27.
Qg5 Qd8 28. Qe5 Ne8 29. Rc1 (29. Rb7 Qc8 $19) 29... Bd2 30. Rf1 Qb6 $17) 27.
Qe3 Qh4 28. Qg3 (28. Bd1 $5 Nf6 (28... Bc5 $2 29. Rxc5 Nxc5 30. Qxc5 Qe1+ 31.
Qg1 Qd2 $11) 29. Kg1 Ng4 30. Qg3 Qxg3 31. hxg3 Ne3 32. Bf3 $15) (28. Bf3 {
Ftacnik} Nf6 (28... Bxf3 29. gxf3 Nf6 30. Rc8+ Kg7 31. Kg2 $13) 29. Bxe4 Ng4
30. Qg3 Nf2+ 31. Kg1 Qxg3 32. hxg3 Nxe4 $15) 28... Qf6 29. Qe3 (29. h3 {Ftacnik
} Nb6 $17) 29... Qa1+ 30. Qc1 {'?' Ftacnik. Ftacnik: 'In Moscow Kamsky was
operating on a slightly strange frequency. Too often at critical junctions he
failed to find the better continuation.'} (30. Qg1 $1 {Ftacnik} Qb2 (30...
Qxg1+ 31. Kxg1 Nf6 32. g3 $11) 31. Rc8+ Kg7 32. Qd4+ Qxd4 33. Nxd4 Bd2 (33...
Kf6 34. Rc7 Nb6 $15) 34. Nxe6+ fxe6 35. Rc7 Kf6 36. Rxd7 h5 37. Bf3 Bxf3 38.
gxf3 Bxf4 39. Kg2 $15) 30... Qa2 {'!' Ftacnik. Jetzt hat Schwarz die totale
Dominanz auf dem Brett - Weiß ist chancenlos.} 31. Rc8+ (31. Bf3 Bxf3 32. gxf3
Nf6 $19) 31... Kg7 32. Qd1 Nf6 33. h3 (33. Nc3 Bxc3 34. Rxc3 Ng4 35. Qe1 d4 $19
) 33... Bd2 {Ftacnik: 'White is lost without counterplay, since the black
forces are completely controlling the chessboard.'} 34. Qf1 Bxf4 $19 35. Nc7
Qd2 36. Ne8+ Nxe8 37. Rxe8 Qe3 38. Bf3 Bxf3 39. gxf3 Qd2 40. Qg1 Qe2 {Ftacnik:
'After the win of the fourth pawn Mamedyarov would easily win any endgame.'}
0-1

[Event "Moscow Tal Memorial 3rd"]
[Site "Moscow"]
[Date "2008.08.26"]
[Round "8"]
[White "Morozevich, Alexander"]
[Black "Kamsky, Gata"]
[Result "0-1"]
[WhiteElo "2788"]
[BlackElo "2723"]
[Annotator "Ftacnik,L"]
[PlyCount "138"]
[EventDate "2008.08.18"]
[EventType "tourn"]
[EventRounds "9"]
[EventCountry "RUS"]
[EventCategory "20"]
[SourceTitle "CBM 126"]
[Source "ChessBase"]
[SourceDate "2008.10.01"]
[SourceVersion "1"]
[SourceVersionDate "2008.10.01"]
[SourceQuality "1"]

1. e4 c6 2. d4 d5 3. e5 Bf5 4. Nf3 e6 5. Be2 c5 6. Be3 Nd7 7. O-O Ne7 8. c4
dxc4 9. Na3 c3 $5 {The motive of black pawn advance from the c4-square is
known also from other openings. In this position it should facilitate the win
of a tempo after the move of the knight to d5.} 10. Nb5 (10. Bg5 f6 (10... cxb2
11. Nb5 Nxe5 12. dxe5 bxa1=Q 13. Qxa1 Qb6 14. Nd6+ Kd7 15. Nh4 Nc6 16. Nhxf5
exf5 17. Rb1 Nb4 18. a3 Bxd6 19. axb4 Bc7 20. bxc5 Qxc5 21. e6+ Kc8 22. Bf3 {
1-0 Nisipeanu,L (2575)-Poetsch,K (2205)/Bad Wiessee 1998 (28)}) 11. exf6 gxf6
12. Bc1 Nd5 13. Nh4 Bg6 14. Bf3 cxb2 15. Bxb2 N7b6 16. Rc1 Rc8 17. Re1 Kf7 18.
Bg4 f5 19. dxc5 Qxh4 20. cxb6 Bxa3 21. Rxc8 Rxc8 22. Bf3 Bxb2 23. Bxd5 Kg7 {
0-1 Del Rio Angelis,S (2325)-Nisipeanu,L (2500)/Siofok 1996 (27)}) (10. bxc3
Nd5 11. Bg5 Be7 12. Bxe7 Qxe7 13. Nb5 O-O $14) 10... Nd5 11. Nxc3 Nxe3 12. fxe3
Be7 13. Qb3 O-O (13... Rb8 14. Rad1 (14. Rfd1 O-O 15. dxc5 Qc8 16. Nb5 Nxc5 17.
Qb4 Bc2 18. Rd2 Bg6 19. Nxa7 Qc7 20. Nb5 Qb6 21. Rd4 Rfd8 22. a4 {1-0 Blank,W 
(2506)-Schoen,A (2481)/ICCF email 2006 (72)}) 14... a6 15. dxc5 Qc7 16. Nb5
axb5 17. Bxb5 Rd8 18. Rxd7 Rxd7 19. Rd1 O-O 20. Rxd7 Qxc5 21. Rxb7 Be4 22. Rd7
Bd5 23. Qc3 $14 {1/2 Karacsony,Z-Huuskonen,M (2510)/ICCF email 2002}) 14. Qxb7
{Morozevich is in this 8th round game resigned to the fate of taking the
b7-pawn and indirectly agreeing to a repetition of moves.} (14. Rad1 Qc7 15.
Nb5 Qb6 16. Bd3 Bg6 17. Bxg6 hxg6 18. Rd3 cxd4 19. exd4 a6 20. Na3 Qxb3 21.
Rxb3 b5 22. Nc2 Rac8 {1/2 Dahlgren,J-Luzuriaga,N/Brazil CXEB 2000 (34)}) 14...
Rb8 15. Qxa7 cxd4 (15... Ra8 16. Qb7 Rb8 $11) 16. exd4 {The attempts to avoid
exposing the d4-pawn would not be very successful.} (16. Qxd4 Bc5 (16... Rxb2
17. Rad1 Nc5 $11) 17. Qd2 Nxe5 18. Nd4 Qg5 $36) (16. Nxd4 Bc5 17. Qa6 Rxb2 $44)
16... Ra8 17. Qb7 Rb8 18. Qa7 Rxb2 $5 {Kamsky deserves credit for his fighting
spirit. He is not discouraged by the fact that he is facing the recent leader
of the tournament with the black pieces.} (18... Ra8 $11) 19. Bb5 $1 Nb6 20. a4
(20. Kh1 Nd5 (20... g5 $5 21. a4 g4 22. Ng1 Nd5 23. Nge2 Bg5 $15) 21. Nxd5 Qxd5
22. a4 (22. Qxe7 Qxb5 23. a4 Qe2 24. Qg5 h6 25. Qg3 $11) 22... Bb4 23. Qd7 Qb3
24. Rac1 h6 25. Rc8 Rxc8 26. Qxc8+ Bf8 27. Qc4 Qa3 {1/2 Jacot,L (2542)-Krajnc,
L (2433)/ICCF email 2006 (35)}) 20... Bg4 {The ideas from our game have been
tested in emai tournaments by lesser known players. Black should have enough
counterplay.} (20... h6 21. Kh1 Bb4 22. Nd1 Rb3 23. a5 Nc8 24. Qa6 Ne7 25. Bc4
Rxf3 26. gxf3 Qxd4 27. Nf2 Bc3 {1/2 Skrobek,R (2621)-Schoen,A (2481)/ICCF
email 2006 (53)}) 21. Kh1 (21. a5 Bb4 22. Qxb6 Bxc3 23. Qxd8 Rxd8 24. Rfc1 Bxf3
25. Rxc3 Rxg2+ 26. Kf1 Rxh2 27. Ra4 $13) (21. Rad1 Bb4 22. Ne4 Qd5 23. Neg5 Nc8
24. Qc7 Qa2 $13) 21... Bb4 22. Na2 (22. Ne4 Bxf3 23. Rxf3 Qxd4 24. Ng5 Qd2 25.
Rg3 Nc8 $15) 22... Be7 (22... Bxf3 23. Rxf3 Qg5 24. Rg1 $5 (24. Rg3 $4 Rxa2 $1
$19) (24. Bf1 Bd2 $1 25. Nc3 Bxc3 26. Rxc3 Nd5 27. Rg3 Qd2 $36) 24... Nc8 25.
Qc7 Rxa2 26. Be8 Qe7 27. Bxf7+ Rxf7 (27... Kh8 28. Qc4 Rxa4 29. Bxe6 $13) 28.
Qxc8+ Rf8 29. Rxf8+ Qxf8 30. Qxe6+ Qf7 31. Qc8+ Bf8 32. e6 $11) 23. Nc1 {
Morozevich is not even going to try to see if the opponent will repeat the
moves and pugnaciously directs the knight to d3.} Nd5 $1 (23... Nc8 24. Qa8
Bxf3 25. Qxf3 Qxd4 26. Nd3 Rc2 27. Qb7 $11) 24. Nd3 Rc2 25. Rac1 Rxc1 26. Nxc1
(26. Rxc1 Bxf3 27. gxf3 Bg5 $15) 26... Ne3 27. Re1 (27. Rf2 Bb4 28. Bc6 Bxf3
29. Rxf3 Qg5 $15) 27... Nf5 {Black is dancing with pieces around the weak
spots of the enemy; his counterplay is taking care about parity.} (27... Bg5 $5
28. Qd7 Qxd7 29. Bxd7 Nc2 30. Re2 Nxd4 31. Nxd4 Bxc1 32. Re4 $11) 28. Bc6 (28.
Ne2 Bxf3 29. gxf3 Bb4 30. Rb1 Qd5 31. Rf1 Rd8 $15) 28... Bb4 $5 {Kamsky was
afraid that after the exchange of the majority of pieces he might not be able
to convert the small advantage in the endgame. The game move is insisting on
complicating the position.} (28... Bxf3 29. Bxf3 Qxd4 (29... Nxd4 $2 30. Rd1
$18) 30. Qxd4 Nxd4 31. Rd1 Nxf3 32. gxf3 Rb8 $15) 29. Rd1 Bxf3 (29... Ne3 30.
Rg1 Qb8 31. Qxb8 Rxb8 32. Be4 $11) 30. Bxf3 Qh4 $1 (30... Ne3 31. Rg1 (31. Rd3
$2 Qh4 32. Rxe3 Qf2 33. h3 Qxe3 34. Ne2 Qd2 $17) 31... Nf5 32. Ne2 Qg5 33. Qb7
$14) 31. a5 $6 {The pawn is marching towards the queening square, but under
the pressure of enemy pieces White will have to part with it in the end.} (31.
Qb6 Be1 32. Ne2 Ne3 33. Ra1 Nf1 34. h3 Nd2 35. Bc6 Qf2 $11) 31... Be1 (31...
Ng3+ 32. Kg1 Ne4 33. Nd3 $14) (31... g5 $5 32. a6 g4 33. Bc6 Be1 34. Ne2 Qf2
35. Ng1 Qh4 36. Ne2 $11) 32. Ne2 g5 $1 (32... Qf2 $2 33. a6 Qf1+ 34. Ng1 $18)
33. Qb7 (33. a6 g4 34. Bc6 (34. Bxg4 $2 Ne3 $1 $19) 34... Qf2 (34... Ng3+ 35.
Nxg3 Bxg3 36. Kg1 Bxh2+ 37. Kf1 Qg3 (37... f6 $2 38. Qe7 $1 fxe5+ 39. Qxf8+
Kxf8 40. a7 $18) 38. Qb7 f6 39. Qb4 $16) 35. Ng1 Qh4 36. Ne2 $11) 33... Bxa5 {
In the onset of mild time trouble Kamsky is avoiding the move repetition and
grabs the pawn in order to keep the flame of the fight alive.} (33... g4 34.
Be4 (34. Bxg4 Ne3 35. g3 Qxg4 36. Rxe1 Nc2 $17) 34... Ng3+ 35. Nxg3 Bxg3 36.
Kg1 Bf2+ 37. Kh1 (37. Kf1 $2 Be3 38. Ke2 Qf2+ 39. Kd3 Bxd4 $19) 37... Bg3 38.
Kg1 $11) 34. g3 Qh6 35. Qe4 (35. Rd3 Qh3 36. Kg1 $14) 35... Ne7 $6 {In this
spell of time trouble the play is losing its sharp edge, the position was
about equal.} (35... Rb8 36. Bg4 Rb2 37. Qd3 $11) 36. Ra1 Bd8 37. Qd3 (37. Qb7
$14) 37... Ng6 38. Nc3 Be7 39. Ne4 Rd8 40. Qe3 Qf8 41. Kg2 (41. Nxg5 Qh6 42. h4
Nxh4 $1 43. gxh4 Qxh4+ $17) 41... Rb8 42. Bh5 $6 {Morozevich has invested a
lot of energy in the tournament and now he changes tune for the next phase of
game beyond recognition. His position will be sinking a little with nearly
each move.} (42. Nxg5 $1 Qh6 (42... Rb2+ 43. Kg1 Qh6 44. Ra8+ Nf8 (44... Kg7 $2
45. Nxe6+ fxe6 46. Rg8+ Kxg8 47. Qxh6 $18) 45. h4 Bxg5 46. Qxg5+ Qxg5 47. hxg5
Rd2 48. Ra4 $16) 43. h4 Rb2+ 44. Kh3 Bxg5 45. Qxg5 Qxg5 46. hxg5 Rb3 47. Kg2
$16) 42... Qc8 43. Rc1 (43. Nxg5 $2 Qc2+ 44. Kg1 Rb2 $19) 43... Rb2+ 44. Kh3 (
44. Kg1 Qd8 45. Rc4 $11) 44... Qb7 45. Bxg6 $6 {The swap of the bishop is a
very dubious solution, since now the threats along the light squares will turn
into huge problems.} (45. Be2 Qd5 $15) 45... fxg6 46. g4 (46. Nf6+ $2 Bxf6 47.
exf6 h5 $1 $19) (46. Qd3 h5 47. Rc2 Kg7 $15) 46... h5 $1 47. Rc3 $6 (47. gxh5
gxh5 $15) (47. Qd3 Kg7 $15) 47... Qa6 $1 48. Rd3 $6 {White is desperately
defending against the infiltration of enemy pieces, but there is no good
remedy any more.} (48. Qg1 hxg4+ 49. Kg3 (49. Kxg4 Qe2+ $19) 49... Kg7 $17)
48... Qa1 49. Nd2 Qd1 (49... hxg4+ 50. Kxg4 Qd1+ 51. Kg3 (51. Qf3 Qe1 $1 52.
Qe4 Qh4+ 53. Kf3 Qh3+ 54. Ke2 Qxh2+ 55. Kd1 Kg7 $19) 51... Qh5 $1 (51... Bb4
52. Qxg5 Qg1+ 53. Kh4 Qf2+ 54. Rg3 Rxd2 55. Qxg6+ Kf8 56. Qxe6 Qxh2+ $15) 52.
h3 Qh4+ 53. Kg2 g4 54. hxg4 Bg5 $19) 50. Qf3 $1 Qe1 51. gxh5 Rxd2 $6 {
Objectively the best move was to give check on h4, keeping a distinct
advantage.} (51... Qh4+ 52. Kg2 gxh5 53. Qa8+ Kg7 54. Qa1 Rc2 55. Qf1 Qe4+ 56.
Kg1 Qg6 $17) 52. Rxd2 Qxd2 53. hxg6 Qf4 54. Qh5 $2 {It is always tragic when
heroes fall at the very end. Alexander was fighting like a lion and he still
had a chance to save his skin after the immediate exchange of queens.} (54.
Qxf4 gxf4 55. Kg4 Bg5 56. d5 $1 f3 (56... exd5 57. Kxg5 f3 58. e6 Kf8 59. Kh6
f2 60. g7+ Ke7 61. g8=Q f1=Q $11) 57. Kxf3 exd5 58. Kg4 Bh6 (58... d4 $2 59.
Kxg5 d3 60. e6 $18) 59. Kf5 Kf8 60. e6 Bg7 61. h4 Ke7 62. h5 d4 (62... Kd6 63.
h6 Bxh6 64. Kf6) 63. Ke4 Kxe6 64. h6 Bf6 65. g7 $11) 54... Qh4+ $1 55. Qxh4
gxh4 56. Kg4 Kg7 {Unfortunately this version of the endgame is fairly easily
won for Black.} 57. h3 (57. Kf3 Kxg6 58. Ke4 Kg5 59. d5 (59. h3 Bd8 60. d5
exd5+ 61. Kxd5 Kf4 $19) 59... exd5+ 60. Kxd5 Kg4 $19) 57... Bd8 58. Kf4 Bb6 {
It was easy to gobble up the pawn g6 and win with the h4-pawn, but the
transfer to the pawn endgame is very thematic.} (58... Kxg6 59. Ke4 Kg5 60. d5
exd5+ 61. Kxd5 Kf4 $19) 59. Ke4 Bxd4 $1 60. Kxd4 Kxg6 61. Ke4 (61. Kc5 Kg5 62.
Kc6 Kf4 63. Kd6 Kf5 $19) 61... Kg5 62. Ke3 Kf5 63. Kf3 Kxe5 64. Kg4 Ke4 65.
Kxh4 Kf4 $1 {The difference in the location of the kings is decisive. White's
majesty is obstructing his own pawn, the exceptionally epic fight is coming to
an end.} 66. Kh5 e5 67. h4 e4 68. Kg6 e3 69. h5 e2 0-1